Estructura económica colombina / (Registro nro. 4648)

Detalles MARC
000 -LEADER
fixed length control field 00912nam a2200217Ia 4500
003 - CONTROL NUMBER IDENTIFIER
control field OSt
005 - DATE AND TIME OF LATEST TRANSACTION
control field 20200723120457.0
008 - FIXED-LENGTH DATA ELEMENTS--GENERAL INFORMATION
fixed length control field 191128s2005 ck a gr 000 0dspa d
020 ## - INTERNATIONAL STANDARD BOOK NUMBER
International Standard Book Number 958410361X
082 04 - DEWEY DECIMAL CLASSIFICATION NUMBER
Classification number 330.98610632 /
Item number A662e
Edition number 23
100 1# - MAIN ENTRY--PERSONAL NAME
Personal name Arango Londoño, Gilberto,
Relator term autor
9 (RLIN) 1441
245 10 - TITLE STATEMENT
Title Estructura económica colombina /
Statement of responsibility, etc. Gilberto Arango Londoño
250 ## - EDITION STATEMENT
Edition statement Décima edición
260 ## - PUBLICATION, DISTRIBUTION, ETC.
Place of publication, distribution, etc. Bogotá :
Name of publisher, distributor, etc. Mc Graw-Hill,
Date of publication, distribution, etc. 2005.
300 ## - PHYSICAL DESCRIPTION
Extent 574 páginas :
Other physical details diagramas a blanco y negro ;
Dimensions 24 cm.
500 ## - GENERAL NOTE
General note Incluye datos biográficos del autor en contra portada y notas a pie de página.
505 0# - FORMATTED CONTENTS NOTE
Formatted contents note Conceptos básicos -- Aspectos de la situación demográfica colombiana -- Tenencia del a tierra -- La producción agropecuaria -- El café -- Recursos naturales
650 14 - SUBJECT ADDED ENTRY--TOPICAL TERM
Topical term or geographic name entry element Condiciones sociales
Geographic subdivision Colombia
9 (RLIN) 6840
650 24 - SUBJECT ADDED ENTRY--TOPICAL TERM
Topical term or geographic name entry element Historia económica
Geographic subdivision Colombia
9 (RLIN) 6882
942 ## - ADDED ENTRY ELEMENTS (KOHA)
Source of classification or shelving scheme Dewey Decimal Classification
Koha item type Books
Existencias
Withdrawn status Lost status Source of classification or shelving scheme Materials specified (bound volume or other part) Damaged status Not for loan Home library Current library Shelving location Date acquired Source of acquisition Full call number Barcode Date last seen Copy number Price effective from Koha item type
    Dewey Decimal Classification Donación--15/04/2018--     Biblioteca Pública José María del Castillo y Rada Biblioteca Pública José María del Castillo y Rada General Stacks 11/28/2019 Donaciónn 330.98610632 / A662e 201809630 05/16/2024 Ej.1 11/28/2019 Books